000 00690nam a22002057a 4500
005 20130910113154.0
010 _aENG-108157
020 _a9780521670340
_c445.00
035 _aEN-91690
037 _bDBAD/PUB
082 _a510
100 _aGarrity, Thomas A.
245 1 0 _aAll the mathematics you missed :
_cby Thomas A. Garrity
_bbut need to know for graduate school /
260 _aNew Delhi
_bCambridge University Press
_c2010(repr.)
270 _a4381/4, Ansari Road, Daryaganj
_bNew Delhi
_e110002
300 _axxvii,347p. :
_c24cm(pbk)
_bill.
500 _aIncludes bibliographical references and index
650 _aMathematics
942 _2ddc
_cEN
_mGAR
_h510
999 _c78087
_d78087